000 00824nam a2200217 a 4500
001 000013080
005 20240412074237.0
008 091120s2005 dr a 000 f spa d
040 _aDO-SdBNP
_bspa
_cBNPHU
082 _aRD863.44
_bS718b
100 1 _aSoto Franjul, Leandro Eliseo Eudaldo
_930210
245 1 0 _aBaní, 52 años de tesmoforias :
_b500 años de historia familiar documentada /
_cLeandro Eliseo Eudaldo Soto Franjul.
260 _aSanto Domingo :
_bAmigo del Hogar,
_c2005.
300 _a100 p. :
_bil. ;
_c21 cm.
500 _aIncluye datos biográficos del autor en la solapa de la cubierta.
504 _aBibliografía: p. 101.
590 _aInventariado, 2019/VM
650 0 _aNovela histórica dominicana.
_9860
650 0 _aLiteratura dominicana.
_967
910 _aValidado. Control de calidad MMOLINA
999 _c12722
_d12722